| 000 | 00587nam a22001937a 4500 | ||
|---|---|---|---|
| 999 |
_c180735 _d180735 |
||
| 005 | 20210817105129.0 | ||
| 010 | _aB-741112 | ||
| 020 |
_a9789390066841 _c595.00 |
||
| 035 | _aB-741112 | ||
| 037 | _bGift | ||
| 082 | _a741.5 | ||
| 100 | _aPilkey, Dav | ||
| 245 |
_aDog man: _bcrime and punishment / _cby Dav Pilkey |
||
| 260 |
_aNew York _bScholastic _c2020 |
||
| 270 |
_a557 Broadway _bNew York |
||
| 300 |
_a236p.: _c21cm(Hb) _bill. |
||
| 942 |
_2ddc _cCH _h741.5 _mPIL |
||